| 000 | 00525nam a2200229Ia 4500 | ||
|---|---|---|---|
| 003 | IT-RoPAU | ||
| 005 | 20220918175614.0 | ||
| 008 | 120407s9999 xx 000 0 und d | ||
| 040 | _aIT-RoPAU | ||
| 040 | _cIT-RoPAU | ||
| 041 | _aita | ||
| 100 |
_aPio II (E. S. Piccolomini ) _935084 |
||
| 245 | _aI Commentari. A cura di Giuseppe Bernetti | ||
| 250 | _aSiena | ||
| 260 | _aCantagalli | ||
| 260 | _c1972 | ||
| 300 | _c cm | ||
| 490 | _aClassici crist. | ||
| 490 | _v221 | ||
| 942 |
_cBK _2ddc |
||
| 999 |
_c21166 _d21166 |
||